Diccionario escolar /
Guardado en:
| Formato: | Libro |
|---|---|
| Publicado: |
Buenos Aires :
Tinta Fresca,2016.
|
| Materias: | |
| Etiquetas: |
Agregar Etiqueta
Sin Etiquetas, Sea el primero en etiquetar este registro!
|
| LEADER | 00457nam a22001575a 4500 | ||
|---|---|---|---|
| 001 | CEM.cems018702 | ||
| 005 | 20190410102402.0 | ||
| 008 | 130507b######################000#0#####d | ||
| 003 | CEMS | ||
| 020 | |a 9789875767300 | ||
| 082 | 0 | 4 | |a 463 |
| 245 | 0 | 0 | |a Diccionario escolar / |c Anònimo |
| 260 | |a Buenos Aires : |b Tinta Fresca,2016. | ||
| 300 | |a 287p. ; 20cm. | ||
| 653 | |a Diccionario / diccionario español | ||
| 859 | |a CEMS |b BIB. CEMS - Agricultura |h 463 |i D547-2 |p A2997.18 |t Ej.1 | ||
